Austria Pre-EURO Squad 2016 (German) - Statistics

General Stats
  • This quiz has been taken 25 times
  • The average score is 17 of 24
Answer Stats
Hint Team Answer % Correct
LB Leicester City FC Christian Fuchs
95%
CM FC Bayern München David Alaba
95%
LM Stoke City FC Marko Arnautovic
90%
CB FC Watford Sebastian Prödl
85%
CB Dynamo Kiew Aleksandar Dragovic
80%
CDM 1. FSV Mainz 05 Julian Baumgartlinger
80%
ST FC Basel Marc Janko
80%
GK FK Austria Wien Robert Almer
75%
CB Tottenham Hotspur Kevin Wimmer
70%
LW RB Leipzig Marcel Sabitzer
70%
CB Borussia Mönchengladbach Martin Hinteregger
70%
GK FC Ingolstadt 04 Ramazan Özcan
70%
CM SV Werder Bremen Zlatko Junuzovic
70%
CM FC Schalke 04 Alessandro Schöpf
65%
GK Eintracht Frankfurt Heinz Lindner
65%
ST FC Ingolstadt 04 Lukas Hinterseer
65%
RM VfB Stuttgart Martin Harnik
60%
CDM RB Leipzig Stefan Ilsanker
60%
RB VfB Stuttgart Florian Klein
55%
RB SV Darmstadt 98 György Garics
55%
ST TSV 1860 München Rubin Okotie
55%
RW FC RB Salzburg Valentino Lazaro
55%
LM FC Luzern Jakob Jantscher
50%
LB FC Ingolstadt 04 Markus Suttner
50%
No matching quizzes found
Score Distribution
Percent of People with Each Score
Percentile by Number Answered
Your Score History
You have not taken this quiz